Chữa bệnh gan và xơ gan cổ chướng [ = trướng ] bằng đông y

Zapisane w:
Opis bibliograficzny
1. autor: Hoàng, Văn Vinh
Format: Książka
Język:Undetermined
Wydane: Hà Nội Nxb. Hà Nội 1998
Hasła przedmiotowe:
Etykiety: Dodaj etykietę
Nie ma etykietki, Dołącz pierwszą etykiete!
Thư viện lưu trữ: Trung tâm Học liệu Trường Đại học Cần Thơ
LEADER 00614nam a2200193Ia 4500
001 CTU_27498
008 210402s9999 xx 000 0 und d
020 |b 57.600đ 
082 |a 615.882 
082 |b V312 
100 |a Hoàng, Văn Vinh 
245 0 |a Chữa bệnh gan và xơ gan cổ chướng [ = trướng ] bằng đông y 
245 0 |c Hoàng Văn Vinh 
260 |a Hà Nội 
260 |b Nxb. Hà Nội 
260 |c 1998 
650 |a Folk medicine,Liver disease 
904 |i Nguyễn Quang Điền, 981110 
980 |a Trung tâm Học liệu Trường Đại học Cần Thơ